La hora de los hornos
Realizada entre los años 1966 y 1968 como acto de resistencia a la dictadura de Onganía y para la difusión en organizaciones sociales y políticas. Fue exhibido clandestinamente en la Argentina durante años.
Saved in:
| Corporate Author: | |
|---|---|
| Other Authors: | , |
| Format: | |
| Language: | Spanish |
| Published: |
Buenos Aires :
Página 12,
[1989?]
|
| Subjects: |
| LEADER | 02176Cgm#a2200433#a#4500 | ||
|---|---|---|---|
| 001 | 021592 | ||
| 005 | 20160707153315.0 | ||
| 008 | 100420s1989####ag 250#e##########vlspa#d | ||
| 082 | 0 | 4 | |a 982.063 |2 21 |
| 245 | 0 | 3 | |a La hora de los hornos |c Grupo Cine de Liberación; producida y realización Fernando Ezequiel Solana; libro cinematográfico Octavio Getino, Fernando Ezequiel Solana. |h [videograbación] / |
| 260 | |a Buenos Aires : |b Página 12, |c [1989?] | ||
| 300 | |a 1 DVD (4 hrs. 10 min) : |b son., byn ; |c 4 3/4 plg. | ||
| 500 | |a Documental. | ||
| 500 | |a Fuentes: C. G. T., II Declaración de la Habana. Unesco, Naciones Unidas, BID, National Planning Association. | ||
| 500 | |a Han utilizado escenas de: Tire Die de Fernando Birri, Mayoria absoluta de León Hirzman, El cielo y la tierra de Joris Ivens. | ||
| 500 | |a Fragmento de imágenes de: Faena de Humberto Ríos y Grupo de Teatro Frankestein. | ||
| 505 | 0 | 0 | |a Notas y testimonios sobre el neocolonialismo, la violencia y la liberación. -- Acto para la liberación. -- Violencia y liberación. |
| 520 | |a Realizada entre los años 1966 y 1968 como acto de resistencia a la dictadura de Onganía y para la difusión en organizaciones sociales y políticas. Fue exhibido clandestinamente en la Argentina durante años. | ||
| 538 | |a Formato DVD ; NTSC | ||
| 586 | |a Gran Premio de la IV Mostra Internazionale del Nuovo Cinema Pesaro | ||
| 942 | |c DVD |n 0 | ||
| 594 | |a DIPLOMA EN CIENCIAS SOCIALES | ||
| 595 | |a HISTORIA ARGENTINA | ||
| 595 | |a GESTION DE PRACTICAS DE COMUNICACIÓN COMUNITARIA Y POPULAR | ||
| 595 | |a TALLER DE REALIZACIÓN AUDIOVISUAL DOCUMENTAL | ||
| 650 | 7 | |a Películas (Cinematografía) |2 Spines | |
| 650 | 7 | |a Dictadura |2 Spines | |
| 650 | 7 | |a Violencia |2 Spines | |
| 650 | 7 | |a Clases trabajadoras |2 Spines | |
| 650 | 7 | |a Grupos oprimidos |2 Spines | |
| 651 | 7 | |a Argentina |2 Spines | |
| 653 | |a Historia Argentina | ||
| 653 | |a Peronismo | ||
| 653 | |a Videos | ||
| 700 | 1 | |a Solanas, Fernando Ezequiel |4 drt | |
| 700 | 1 | |a Getino, Octavio |4 aus | |
| 710 | 2 | |a Grupo Cine Liberación. | |
| 929 | |a DONACION |b Amihcar Coronch |d 0,00 |e 20071023 |f PAT |g 871 Exp. 827-0387/98 |j 44698 | ||
| 999 | |c 2011 |d 77398 | ||